Data communiations and networking / (Record no. 586732)

000 -LEADER
fixed length control field 00435nam a22001577a 4500
020 ## - INTERNATIONAL STANDARD BOOK NUMBER
International Standard Book Number 978-1-25-906475-3
082 ## - DEWEY DECIMAL CLASSIFICATION NUMBER
Classification number 004.6 FOR
100 ## - MAIN ENTRY--PERSONAL NAME
Personal name Behrouz A. Forouzan
245 ## - TITLE STATEMENT
Title Data communiations and networking /
Statement of responsibility, etc. Forouzan, Behrouz A.
250 ## - EDITION STATEMENT
Edition statement 5th ed.
260 ## - PUBLICATION, DISTRIBUTION, ETC.
Place of publication, distribution, etc. New Delhi, India :
Name of publisher, distributor, etc. Mcgraw Hill ;
Date of publication, distribution, etc. 2013.
300 ## - PHYSICAL DESCRIPTION
Size of unit 24 cm.
942 ## - ADDED ENTRY ELEMENTS (KOHA)
Source of classification or shelving scheme
Koha item type Book
Holdings
Withdrawn status Lost status Source of classification or shelving scheme Damaged status Not for loan Permanent Location Current Location Shelving location Date acquired Source of acquisition Total Checkouts Full call number Barcode Date last seen Price effective from Koha item type
          Central Library (CL) Central Library (CL) Computer Networks 11/13/2021 Donation   004.6 FOR CL-D-1401 11/13/2021 11/13/2021 Book
© 2023 Central Library, National University of Sciences and Technology. All Rights Reserved.